[Event "XXXII Festival A"]
[Site "Arco ITA"]
[Date "2010.10.17"]
[Round "2"]
[White "Kierzek, Matthias"]
[Black "Giuriato, Sergio"]
[Result "1/2-1/2"]
[WhiteElo "2145"]
[BlackElo "1935"]
[PlyCount "54"]
[EventDate "2010.10.16"]

1. d4 Nf6 2. c4 e6 3. Nf3 d5 4. Nc3 Nbd7 5. Bg5 Be7 6. e3 O-O 7. Rc1 c6 8. Bd3
dxc4 9. Bxc4 Nd5 10. Bxe7 Qxe7 11. O-O Nxc3 12. Rxc3 e5 13. Bb3 exd4 14. exd4
Nb6 15. Re1 Qd6 16. Ne5 Nd5 17. Rg3 Be6 18. Qh5 Qb4 19. Re4 Qd2 20. Nf3 Qc1+
21. Re1 Qf4 22. Ng5 h6 23. Nxe6 fxe6 24. Rf1 Rf6 25. Rg4 Qd2 26. Qe5 Raf8 27.
f3 Qe3+ 1/2-1/2

[Event "XXXII Festival A"]
[Site "Arco ITA"]
[Date "2010.10.17"]
[Round "2"]
[White "Kierzek, Mira"]
[Black "Molnar, Bela"]
[Result "1-0"]
[WhiteElo "2053"]
[BlackElo "2330"]
[PlyCount "95"]
[EventDate "2010.10.16"]

1. d4 Nf6 2. c4 d6 3. Nf3 Nbd7 4. Nc3 e5 5. dxe5 dxe5 6. e4 Bb4 7. Bd2 O-O 8.
Qc2 c6 9. a3 Be7 10. Be2 a5 11. O-O h6 12. h3 Re8 13. Be3 Bc5 14. Bxc5 Nxc5 15.
Rfd1 Qb6 16. Rab1 a4 17. Bf1 Nb3 18. Ne2 Nc5 19. Ng3 g6 20. Rd6 Kg7 21. Rbd1
Qa5 22. Qe2 Ne6 23. Qe3 Re7 24. R1d2 Rd7 25. Kh2 Rxd6 26. Rxd6 Ne8 27. Rd1 f6
28. Nh4 Nf4 29. Ne2 g5 30. Nf3 Be6 31. Nxf4 gxf4 32. Qd3 Kf7 33. Nh4 Qc5 34.
Kg1 Ng7 35. Be2 h5 36. Rc1 Qd4 37. Qc2 Rg8 38. Rd1 Qc5 39. Nf5 Bxf5 40. exf5
Re8 41. Qxa4 Re7 42. b4 Qb6 43. c5 Qc7 44. Bc4+ Kf8 45. Rd6 Ne8 46. Qa8 Kg7 47.
Rd8 Kf8 48. Be2 1-0

[Event "XXXII Festival A"]
[Site "Arco ITA"]
[Date "2010.10.17"]
[Round "2"]
[White "Klings, Peter"]
[Black "Mombelli, Antonio"]
[Result "1-0"]
[WhiteElo "2185"]
[BlackElo "1828"]
[PlyCount "47"]
[EventDate "2010.10.16"]

1. e4 c5 2. a3 Nc6 3. b4 cxb4 4. axb4 Nxb4 5. d4 g6 6. c3 Nc6 7. d5 Na5 8. Nf3
Bg7 9. Bf4 Nf6 10. e5 Ng4 11. h3 Nh6 12. Nd4 f5 13. Nd2 O-O 14. N2f3 Nf7 15.
Bd3 d6 16. exd6 Nxd6 17. O-O Ne4 18. Qe2 Qxd5 19. Rfb1 Nd6 20. Bxd6 Bxd4 21.
Nxd4 Qxd6 22. Rxa5 b6 23. Re5 Re8 24. Re1 1-0

[Event "XXXII Festival A"]
[Site "Arco ITA"]
[Date "2010.10.17"]
[Round "2"]
[White "Knors, Rudi"]
[Black "Aagaard, Jacob"]
[Result "1/2-1/2"]
[WhiteElo "2123"]
[BlackElo "2534"]
[PlyCount "32"]
[EventDate "2010.10.16"]

1. d4 Nf6 2. c4 e6 3. Nf3 b6 4. g3 Ba6 5. Qa4 Bb7 6. Bg2 c5 7. dxc5 bxc5 8. O-O
Be7 9. Nc3 O-O 10. Bf4 Qb6 11. Qc2 Rd8 12. Rfd1 Na6 13. a3 h6 14. h4 d5 15. Ne5
Nh5 16. cxd5 Nxf4 1/2-1/2

[Event "XXXII Festival A"]
[Site "Arco ITA"]
[Date "2010.10.17"]
[Round "2"]
[White "La Manna, Andrea"]
[Black "Niccoli, Paolo"]
[Result "1-0"]
[WhiteElo "2196"]
[BlackElo "1962"]
[PlyCount "69"]
[EventDate "2010.10.16"]

1. d4 Nf6 2. c4 c5 3. d5 b5 4. cxb5 a6 5. f3 g6 6. e4 d6 7. Nc3 Bg7 8. Bc4 O-O
9. Nge2 Nbd7 10. Ng3 Ne5 11. Be2 axb5 12. Nxb5 h5 13. Nf1 Ba6 14. Nc3 Bxe2 15.
Qxe2 c4 16. Ne3 Nd3+ 17. Kf1 Nxc1 18. Rxc1 Bh6 19. Rc2 e6 20. g3 exd5 21. Nexd5
Nxd5 22. Nxd5 Rxa2 23. Qxc4 Qa5 24. b4 Rxc2 25. Qxc2 Qb5+ 26. Qe2 Qb7 27. Qc4
Kh8 28. Kg2 Rc8 29. Qd3 Ra8 30. Re1 Ra2+ 31. Re2 Ra1 32. b5 Rc1 33. b6 Qc6 34.
Qb3 Qb7 35. Qb2+ 1-0

[Event "XXXII Festival A"]
[Site "Arco ITA"]
[Date "2010.10.17"]
[Round "2"]
[White "Ludwig, Timm"]
[Black "Helbig, Dieter"]
[Result "1/2-1/2"]
[WhiteElo "1670"]
[BlackElo "1872"]
[PlyCount "110"]
[EventDate "2010.10.16"]

1. d4 Nf6 2. c4 g6 3. Nc3 Bg7 4. e4 d6 5. f3 O-O 6. Be3 Nbd7 7. Qd2 c5 8. d5 a6
9. Bh6 Rb8 10. Bxg7 Kxg7 11. g4 Ne5 12. Be2 Rh8 13. h3 Qa5 14. f4 Ned7 15. Nf3
b5 16. e5 Ne8 17. Kf2 bxc4 18. Bxc4 Nb6 19. Be2 Bd7 20. b3 Nc7 21. Bc4 Nxc4 22.
bxc4 Rb4 23. Ne4 Qa3 24. Rab1 Rhb8 25. Rxb4 Rxb4 26. Rc1 Nxd5 27. Nxd6 Rb2 28.
Rc2 Rxc2 29. Qxc2 Qe3+ 30. Kg3 Qxf4+ 31. Kf2 Qe3+ 32. Kg3 Nb4 33. Qb2 exd6 34.
e6+ Kg8 35. exd7 Qe7 36. a3 Nc6 37. Qb7 Nd8 38. Qc8 f6 39. Qxa6 Qxd7 40. a4 Kf7
41. Qa8 Kg7 42. a5 Nc6 43. a6 Na5 44. Nd2 Qc7 45. Nb3 d5+ 46. Kf3 dxc4 47. Nxa5
Qxa5 48. Qb7+ Kh6 49. a7 Qc3+ 50. Ke2 Qd3+ 51. Kf2 Qd2+ 52. Kg3 Qd6+ 53. Kg2
Qd2+ 54. Kg1 Qe1+ 55. Kh2 Qe5+ 1/2-1/2

[Event "XXXII Festival A"]
[Site "Arco ITA"]
[Date "2010.10.17"]
[Round "2"]
[White "Maddaloni, Giovanni"]
[Black "Antoniacci, Riccardo"]
[Result "1-0"]
[WhiteElo "1801"]
[BlackElo "1923"]
[PlyCount "83"]
[EventDate "2010.10.16"]

1. e4 Nc6 2. d4 d5 3. e5 Bf5 4. c3 e6 5. Bd3 Bxd3 6. Qxd3 Be7 7. Nf3 a6 8. O-O
g5 9. Be3 h5 10. Na3 Nh6 11. c4 g4 12. Nd2 Nf5 13. c5 f6 14. exf6 Bxf6 15. Nc2
Kd7 16. Rab1 Qg8 17. b4 Qg7 18. Nb3 h4 19. a4 Qh7 20. b5 axb5 21. axb5 Ncxd4
22. Ncxd4 g3 23. c6+ Kd6 24. Nxf5+ exf5 25. Bc5+ Ke6 26. Rfe1+ Be5 27. f4 h3
28. Rxe5+ Kf6 29. Rxf5+ Qxf5 30. Bd4+ Kg6 31. Qxf5+ Kxf5 32. Bxh8 Ra2 33. Rb2
Ra8 34. Be5 bxc6 35. bxc6 Kg4 36. gxh3+ Kxh3 37. hxg3 Kxg3 38. f5+ Kf3 39. Rf2+
Ke4 40. Bxc7 Rg8+ 41. Kf1 d4 42. Nxd4 1-0

[Event "XXXII Festival A"]
[Site "Arco ITA"]
[Date "2010.10.17"]
[Round "2"]
[White "Marini, Lucio"]
[Black "Schuetzler, Bernd"]
[Result "1-0"]
[WhiteElo "1883"]
[BlackElo "1707"]
[PlyCount "85"]
[EventDate "2010.10.16"]

1. d4 d5 2. c4 Nc6 3. Nf3 Bg4 4. e3 e6 5. Be2 dxc4 6. O-O Nf6 7. Qc2 b5 8. a4
a6 9. b3 Nb4 10. Qd1 cxb3 11. Qxb3 c6 12. Bd2 Nbd5 13. Rc1 Bxf3 14. Bxf3 b4 15.
a5 Qc7 16. e4 Ne7 17. g3 e5 18. d5 c5 19. Be3 Ng6 20. Nd2 Rb8 21. Nc4 Be7 22.
Rd1 Bd6 23. h4 h6 24. Rac1 Nd7 25. Bg4 Rb5 26. h5 Ne7 27. Ra1 O-O 28. Be2 Rbb8
29. g4 Rfd8 30. Kg2 Nf6 31. Bf3 Kh7 32. Rh1 Rh8 33. g5 Nd7 34. Bg4 Rbg8 35. Kf3
Rf8 36. Ke2 Ng8 37. Qa4 Rd8 38. Rag1 Nf8 39. Qb3 Be7 40. Qb2 Bd6 41. Bf5+ g6
42. gxh6 gxf5 43. Rg7# 1-0

[Event "XXXII Festival A"]
[Site "Arco ITA"]
[Date "2010.10.17"]
[Round "2"]
[White "Marshall, Michael"]
[Black "Mircoli, Filippo"]
[Result "1-0"]
[WhiteElo "1878"]
[BlackElo "1699"]
[PlyCount "76"]
[EventDate "2010.10.16"]

1. d4 e6 2. Nf3 Nf6 3. e3 d5 4. Bd3 c5 5. b3 Nc6 6. O-O Be7 7. Bb2 O-O 8. Nbd2
Qc7 9. a3 a6 10. c4 Nd7 11. cxd5 exd5 12. Qc2 g6 13. dxc5 Nxc5 14. Qc3 f6 15.
Bc2 Bd6 16. b4 Ne6 17. Bb3 Ne7 18. Qxc7 Nxc7 19. Nd4 Ne6 20. N2f3 Kg7 21. Rfd1
Nc7 22. Rac1 Bg4 23. h3 Bxf3 24. Nxf3 Rad8 25. Ng5 Rd7 26. Rxc7 Bxc7 27. Ne6+
Kf7 28. Nxf8 Kxf8 29. Bxf6 h5 30. e4 d4 31. Rxd4 Rxd4 32. Bxd4 Nc6 33. Bc5+ Kg7
34. Bd5 Nb8 35. Bd4+ Kf8 36. e5 Ke7 37. f4 Nd7 38. Kf2 a5 1-0

[Event "XXXII Festival A"]
[Site "Arco ITA"]
[Date "2010.10.17"]
[Round "2"]
[White "Martinez, Guido"]
[Black "Sigillo, Carmelo"]
[Result "1-0"]
[WhiteElo "1915"]
[BlackElo "1807"]
[PlyCount "57"]
[EventDate "2010.10.16"]

1. e4 e5 2. Nf3 Nc6 3. Bb5 a6 4. Ba4 f5 5. d3 Nf6 6. O-O fxe4 7. dxe4 d6 8. Re1
Bg4 9. a3 Be7 10. Nc3 O-O 11. Qd3 Bxf3 12. Qxf3 Nd5 13. Qd3 Nf4 14. Bxf4 exf4
15. f3 Kh8 16. Bxc6 bxc6 17. Qc4 Qe8 18. Rad1 Rb8 19. b4 Bh4 20. Re2 Bf6 21.
Rd3 g5 22. Nd1 Rb5 23. Nf2 a5 24. bxa5 Rb1+ 25. Rd1 Rxd1+ 26. Nxd1 Qe5 27. c3
Rb8 28. Qf7 Rb1 29. Qf8# 1-0

[Event "XXXII Festival A"]
[Site "Arco ITA"]
[Date "2010.10.17"]
[Round "2"]
[White "Molina, Fabrizio"]
[Black "Roversi, Stefano"]
[Result "1-0"]
[WhiteElo "2222"]
[BlackElo "1859"]
[PlyCount "73"]
[EventDate "2010.10.16"]

1. Nf3 Nf6 2. c4 c5 3. Nc3 Nc6 4. d4 cxd4 5. Nxd4 g6 6. e4 d6 7. Be2 Bg7 8. Be3
O-O 9. O-O Ne5 10. h3 Ned7 11. f4 Nc5 12. Bf3 Qa5 13. a3 Ne6 14. Qd2 Nxd4 15.
Bxd4 Be6 16. b4 Qc7 17. Nd5 Bxd5 18. cxd5 Qc4 19. Qb2 Rac8 20. Rac1 Qd3 21.
Rfd1 Rxc1 22. Qxc1 Qb3 23. Bxa7 Ra8 24. Bf2 Qxa3 25. Qxa3 Rxa3 26. Rc1 Rb3 27.
e5 dxe5 28. Rc8+ Bf8 29. Bc5 Kg7 30. fxe5 Nd7 31. d6 exd6 32. exd6 b6 33. Bd4+
Kh6 34. Bc6 Bxd6 35. Bxd7 Bg3 36. Kf1 Rd3 37. Rc4 1-0

[Event "XXXII Festival A"]
[Site "Arco ITA"]
[Date "2010.10.17"]
[Round "2"]
[White "Moratto, Davide"]
[Black "Rizzo, Giuseppe"]
[Result "0-1"]
[WhiteElo "1854"]
[BlackElo "1659"]
[PlyCount "98"]
[EventDate "2010.10.16"]

1. e4 Nf6 2. Nc3 e5 3. Nf3 Nc6 4. d3 Be7 5. Be2 O-O 6. O-O d5 7. Bg5 d4 8. Bxf6
Bxf6 9. Nd5 Be6 10. Nxf6+ Qxf6 11. h3 Ne7 12. Nh2 Ng6 13. Bg4 Rae8 14. g3 h5
15. Bxe6 Rxe6 16. Qxh5 Ne7 17. f4 Qh6 18. Qxh6 Rxh6 19. Kg2 Rc6 20. Rac1 f6 21.
fxe5 fxe5 22. Rxf8+ Kxf8 23. Ng4 Re6 24. Rf1+ Kg8 25. Rf2 c5 26. a4 b6 27. b3
a6 28. Kg1 Nc6 29. Kf1 b5 30. axb5 axb5 31. Ke1 Nb4 32. Kd2 Ra6 33. Rf1 Ra2 34.
Rc1 Nc6 35. h4 Kf7 36. h5 Ke6 37. h6 gxh6 38. Nxh6 Ra7 39. Rf1 Rg7 40. Nf5 Rh7
41. Rf2 Rh1 42. Ng7+ Ke7 43. c3 dxc3+ 44. Kxc3 Rg1 45. Nf5+ Ke6 46. Rh2 Nb4 47.
Rh6+ Kd7 48. Rb6 Rg2 49. Ne3 Na2# 0-1

[Event "XXXII Festival A"]
[Site "Arco ITA"]
[Date "2010.10.17"]
[Round "2"]
[White "Morselli, Stefano"]
[Black "Caldara, Sisto"]
[Result "1-0"]
[WhiteElo "1924"]
[BlackElo "1813"]
[PlyCount "67"]
[EventDate "2010.10.16"]

1. Nf3 d6 2. g3 f5 3. d4 Nf6 4. Bg2 g6 5. c3 Bg7 6. Qb3 c6 7. O-O Na6 8. Bf4
Nc7 9. c4 h6 10. h4 Rb8 11. Nfd2 Be6 12. e4 Nh5 13. Be3 Bf7 14. Nc3 O-O 15. d5
c5 16. exf5 gxf5 17. Ne2 b5 18. Qd3 bxc4 19. Nxc4 Qe8 20. Na5 Bg6 21. Nf4 Rxb2
22. Rab1 Rxa2 23. Nc6 Nxf4 24. Bxf4 Qf7 25. Rb7 Rc8 26. Nxa7 Ra8 27. Nc6 Rc8
28. Qb3 Rb2 29. Qe3 Nxd5 30. Bxd5 Qxd5 31. Nxe7+ Kh8 32. Nxd5 Rxb7 33. Qe6 Bh7
34. Qxc8+ 1-0

[Event "XXXII Festival A"]
[Site "Arco ITA"]
[Date "2010.10.17"]
[Round "2"]
[White "Mulone, Gaspare"]
[Black "Borries, Barbara"]
[Result "0-1"]
[WhiteElo "1708"]
[BlackElo "1904"]
[PlyCount "74"]
[EventDate "2010.10.16"]

1. e4 e6 2. d4 d5 3. e5 c5 4. c3 Nc6 5. Nf3 Qb6 6. Be2 Bd7 7. O-O cxd4 8. cxd4
f6 9. exf6 Nxf6 10. b3 Bd6 11. Bb2 O-O 12. Ba3 Qc7 13. Bxd6 Qxd6 14. a3 Rac8
15. Qd3 e5 16. dxe5 Nxe5 17. Nxe5 Qxe5 18. Nd2 Rc3 19. Nf3 Rxd3 20. Nxe5 Rxb3
21. Nxd7 Nxd7 22. Rfb1 Rxb1+ 23. Rxb1 Nc5 24. Bf3 Rd8 25. Kf1 b6 26. Ke2 Kf7
27. Kd2 d4 28. Be2 Kf6 29. Bd3 h6 30. Rb4 Rd6 31. Bc4 a5 32. Rb1 Ne4+ 33. Ke1
d3 34. Rd1 d2+ 35. Kf1 Nc3 36. Bb3 Nxd1 37. Bxd1 Re6 0-1

[Event "XXXII Festival A"]
[Site "Arco ITA"]
[Date "2010.10.17"]
[Round "2"]
[White "Mumelter, Igor"]
[Black "Thonig, Manfred"]
[Result "1-0"]
[WhiteElo "1839"]
[BlackElo "1607"]
[PlyCount "65"]
[EventDate "2010.10.16"]

1. e4 g6 2. d4 Bg7 3. Nc3 c5 4. Nge2 Qb6 5. dxc5 Qxc5 6. Be3 Qa5 7. Bd4 e5 8.
Be3 Nf6 9. f3 O-O 10. Qd2 Nc6 11. O-O-O b5 12. Kb1 b4 13. Nd5 Rb8 14. Nc1 d6
15. Nb3 Qa4 16. Bc4 Na5 17. Nxf6+ Bxf6 18. Nxa5 Qxa5 19. Qxd6 Bg7 20. Qxb8 Be6
21. Qb5 Qc7 22. Bxe6 fxe6 23. Rd7 Qc8 24. Rhd1 Bf6 25. g3 a6 26. Qd3 a5 27. h4
a4 28. Bg5 Bg7 29. Rd8 Qc5 30. Rxf8+ Bxf8 31. Qd8 a3 32. Bh6 axb2 33. Qxf8+ 1-0

[Event "XXXII Festival A"]
[Site "Arco ITA"]
[Date "2010.10.17"]
[Round "2"]
[White "Nemeth, Gergely"]
[Black "Panjkovic, Aleksandar"]
[Result "0-1"]
[WhiteElo "1889"]
[BlackElo "2137"]
[PlyCount "76"]
[EventDate "2010.10.16"]

1. e4 d6 2. d4 Nf6 3. Nc3 g6 4. f4 Bg7 5. Nf3 O-O 6. Bd3 Na6 7. O-O c5 8. e5
Nd7 9. e6 fxe6 10. Ng5 Nf6 11. Qe1 Nb4 12. Nxe6 Nxd3 13. cxd3 Bxe6 14. Qxe6+
Rf7 15. d5 Qd7 16. Ne4 Qxe6 17. dxe6 Rff8 18. Rb1 Nxe4 19. dxe4 Bd4+ 20. Kh1
Rf6 21. f5 gxf5 22. exf5 Raf8 23. g4 Rxe6 24. Bg5 Re5 25. b3 Kf7 26. Bh4 Re4
27. Rbe1 Rxe1 28. Rxe1 Be5 29. Kg2 Rg8 30. h3 b5 31. Re4 e6 32. fxe6+ Kxe6 33.
Bg3 Kd5 34. Re2 Bd4 35. Re7 Rg7 36. Re8 c4 37. bxc4+ bxc4 38. Bf2 Rf7 0-1

[Event "XXXII Festival A"]
[Site "Arco ITA"]
[Date "2010.10.17"]
[Round "2"]
[White "Pajcin, Jovan"]
[Black "Nanni, Sergio"]
[Result "1-0"]
[WhiteElo "1869"]
[BlackElo "1698"]
[PlyCount "52"]
[EventDate "2010.10.16"]

1. e4 e5 2. Nf3 Nc6 3. Nc3 Nf6 4. d4 exd4 5. Nd5 d6 6. Nxd4 Ne5 7. Nb5 Nxd5 8.
exd5 Be7 9. Bf4 O-O 10. Qd2 Ng6 11. Bg3 Bg5 12. Qc3 Re8+ 13. Kd1 Re7 14. h4 Bf6
15. Qd2 Bg4+ 16. f3 Qd7 17. Nc3 Bxc3 18. bxc3 Rae8 19. Rb1 c6 20. dxc6 bxc6 21.
Rb4 Bh5 22. Qg5 Re5 23. Bxe5 dxe5+ 24. Qd2 Qe7 25. Qg5 Rd8+ 26. Bd3 Qe6 1-0

[Event "XXXII Festival A"]
[Site "Arco ITA"]
[Date "2010.10.17"]
[Round "2"]
[White "Pedrotti, Luciano"]
[Black "Trauth, Michael"]
[Result "0-1"]
[WhiteElo "1833"]
[BlackElo "2197"]
[PlyCount "102"]
[EventDate "2010.10.16"]

1. e4 c5 2. Nf3 Nc6 3. d4 cxd4 4. Nxd4 g6 5. c3 Bg7 6. Nf3 Nf6 7. Nbd2 O-O 8.
Be2 d5 9. exd5 Nxd5 10. O-O Bf5 11. Re1 Qd7 12. Nf1 Rad8 13. Ne3 Be4 14. Ng5
Nxe3 15. Qxd7 Rxd7 16. Bxe3 Bd3 17. Nf3 Rfd8 18. Kf1 e5 19. Bxd3 Rxd3 20. Ke2
h6 21. Red1 R3d7 22. Rxd7 Rxd7 23. Rd1 Rxd1 24. Kxd1 f5 25. g3 Kf7 26. Kc2 Ke6
27. b3 g5 28. Ne1 g4 29. Nd3 b6 30. Ne1 h5 31. f3 Ne7 32. fxg4 hxg4 33. c4 Ng6
34. Nd3 Bf8 35. Kc3 Bd6 36. b4 f4 37. gxf4 exf4 38. Bf2 Kf5 39. c5 Bc7 40. a4
Ke4 41. Ne1 f3 42. Kc4 Ne5+ 43. Kb5 Nd3 44. Nxd3 Kxd3 45. cxb6 axb6 46. Kc6
Bxh2 47. Bxb6 g3 48. a5 f2 49. a6 f1=Q 50. a7 Qf3+ 51. Kb5 Qb7 0-1

[Event "XXXII Festival A"]
[Site "Arco ITA"]
[Date "2010.10.17"]
[Round "2"]
[White "Pistone, Salvatore"]
[Black "Dieli, Riccardo"]
[Result "0-1"]
[WhiteElo "1725"]
[BlackElo "1906"]
[PlyCount "58"]
[EventDate "2010.10.16"]

1. c4 c5 2. Nc3 g6 3. Nf3 Bg7 4. g3 b6 5. Bg2 Bb7 6. O-O Nf6 7. d3 O-O 8. Bd2
Nc6 9. Qc1 Re8 10. e3 d6 11. Re1 Qd7 12. e4 Ne5 13. Qc2 e6 14. Nxe5 dxe5 15.
Rad1 Rad8 16. Bc1 Bc6 17. b3 Qb7 18. a4 Re7 19. Bb2 Red7 20. Qe2 Ne8 21. f3 Nc7
22. Na2 Na6 23. Bc3 Rd6 24. Bf1 Qd7 25. Qb2 f6 26. f4 exf4 27. Bxf6 fxg3 28.
Bxg7 gxh2+ 29. Qxh2 Qxg7 0-1

[Event "XXXII Festival A"]
[Site "Arco ITA"]
[Date "2010.10.17"]
[Round "2"]
[White "Prelati, Maurizio"]
[Black "Zangrando, Gianpietro"]
[Result "1-0"]
[WhiteElo "2111"]
[BlackElo "1822"]
[PlyCount "101"]
[EventDate "2010.10.16"]

1. e4 e6 2. d4 d5 3. Nc3 Bb4 4. e5 Bd7 5. Qg4 Bf8 6. Bd3 c5 7. dxc5 Qe7 8. Nf3
Qxc5 9. O-O Qb4 10. Qg3 g6 11. Bd2 Qb6 12. a4 a6 13. a5 Qc7 14. Rfe1 Ne7 15.
Bg5 Rg8 16. Be3 Nbc6 17. Bb6 Qb8 18. Na4 Nb4 19. Nc5 Nxd3 20. Nxd7 Kxd7 21.
cxd3 Nc6 22. Ng5 Rg7 23. Qf4 f5 24. Rac1 h6 25. Nf3 g5 26. Qa4 Ke7 27. Rxc6
bxc6 28. Nd4 Qe8 29. Nxc6+ Kf7 30. Rc1 Kg8 31. Rc3 Kh8 32. Qc2 Rc8 33. Nd4 Rxc3
34. Qxc3 Rb7 35. b4 Rb8 36. Nb3 Rc8 37. Bc5 Bg7 38. d4 Qh5 39. Qd3 Qg4 40. f3
Qh4 41. g3 Qh3 42. Qxa6 Rg8 43. Qf1 Qh5 44. a6 Qe8 45. b5 h5 46. a7 h4 47. b6
Qc8 48. Qb5 hxg3 49. hxg3 Qb7 50. Na5 Qf7 51. b7 1-0

[Event "XXXII Festival A"]
[Site "Arco ITA"]
[Date "2010.10.17"]
[Round "2"]
[White "Prezzi, Adriano"]
[Black "Stolfa, Rodolfo"]
[Result "1-0"]
[WhiteElo "1682"]
[BlackElo "1876"]
[PlyCount "78"]
[EventDate "2010.10.16"]

1. d4 d5 2. c4 e6 3. Nc3 Nf6 4. Nf3 Nbd7 5. Qc2 dxc4 6. e4 Nb6 7. a3 Be7 8. e5
Nfd5 9. Ne4 Bd7 10. Bxc4 Nxc4 11. Qxc4 a6 12. Bd2 Bb5 13. Qc2 Nb6 14. b3 a5 15.
a4 Bc6 16. O-O Nd5 17. Bg5 Bxg5 18. Nexg5 Nb4 19. Qe2 Qd5 20. Qb2 h6 21. Nh3 g5
22. Rad1 Qe4 23. Rfe1 Qf5 24. d5 Nxd5 25. Nd4 Qg6 26. Qc1 Bd7 27. g3 Rc8 28. f4
gxf4 29. Nxf4 Nxf4 30. Qxf4 Kf8 31. Rf1 Kg7 32. Nf3 Bc6 33. Nh4 Rhf8 34. Nxg6
fxg6 35. Qh4 g5 36. Rxf8 Rxf8 37. Qc4 Bd5 38. Qxc7+ Rf7 39. Qb6 Bc6 1-0

[Event "XXXII Festival A"]
[Site "Arco ITA"]
[Date "2010.10.17"]
[Round "2"]
[White "Ricci, Alfredo"]
[Black "Calavalle, Giulio"]
[Result "0-1"]
[WhiteElo "1969"]
[BlackElo "2238"]
[PlyCount "44"]
[EventDate "2010.10.16"]

1. b3 e5 2. Bb2 Nc6 3. e4 Bc5 4. Nf3 d6 5. Nc3 a6 6. Be2 Nge7 7. O-O O-O 8. h3
Ng6 9. Nd5 Be6 10. d3 Bxd5 11. exd5 Nce7 12. c4 Bb6 13. d4 f6 14. Bd3 Nf4 15.
Qc2 Nxd3 16. Qxd3 Ng6 17. g3 Qd7 18. Kg2 Rae8 19. Rfe1 Qe7 20. dxe5 fxe5 21.
Nd4 Qg5 22. Bc1 Qf6 0-1

[Event "XXXII Festival A"]
[Site "Arco ITA"]
[Date "2010.10.17"]
[Round "2"]
[White "Riepma, Henk"]
[Black "Farago, Ivan"]
[Result "0-1"]
[WhiteElo "2079"]
[BlackElo "2420"]
[PlyCount "60"]
[EventDate "2010.10.16"]

1. f4 c5 2. Nf3 Nf6 3. e3 g6 4. d4 Bg7 5. Bd3 O-O 6. O-O d6 7. Nbd2 Nc6 8. c3
e5 9. Ne4 Nxe4 10. Bxe4 d5 11. Bc2 cxd4 12. exd4 exd4 13. Nxd4 Nxd4 14. cxd4
Qb6 15. Be3 Re8 16. Bf2 Qxb2 17. Bb3 Bf5 18. Bxd5 Rad8 19. Qb3 Qxb3 20. Bxb3
Bxd4 21. Rad1 Bxf2+ 22. Kxf2 Kf8 23. h3 Bd3 24. Rfe1 Rxe1 25. Rxe1 Bb5 26. Re5
Bc6 27. Re2 a5 28. Rc2 Rd4 29. Kg3 a4 30. Bc4 Be4 0-1

[Event "XXXII Festival A"]
[Site "Arco ITA"]
[Date "2010.10.17"]
[Round "2"]
[White "Roessner, Uwe"]
[Black "Pretto, Aldo"]
[Result "0-1"]
[WhiteElo "1902"]
[BlackElo "1741"]
[PlyCount "62"]
[EventDate "2010.10.16"]

1. g3 Nf6 2. Bg2 g6 3. c4 Bg7 4. Nc3 O-O 5. d3 d6 6. Nf3 Nbd7 7. O-O e5 8. Bg5
h6 9. Bxf6 Nxf6 10. Qc2 Re8 11. Rab1 c6 12. Nd2 Be6 13. b4 d5 14. b5 Qd7 15.
bxc6 bxc6 16. Rb2 Rab8 17. Rfb1 Rxb2 18. Rxb2 Bh3 19. Qa4 Bxg2 20. Kxg2 e4 21.
Qa6 exd3 22. exd3 Ng4 23. Rb7 Qf5 24. Nd1 Qxd3 25. Qxc6 Nf6 26. Qc7 Rf8 27. Qf4
dxc4 28. Nf3 Qxd1 29. Qxc4 Qd5 30. Qa6 Ng4 31. h3 Ne5 0-1

[Event "XXXII Festival A"]
[Site "Arco ITA"]
[Date "2010.10.17"]
[Round "2"]
[White "Rotoni, Matteo"]
[Black "Bondielli, Giorgio"]
[Result "0-1"]
[WhiteElo "2132"]
[BlackElo "1880"]
[PlyCount "92"]
[EventDate "2010.10.16"]

1. e4 e5 2. Nf3 Nf6 3. d4 Nxe4 4. dxe5 d5 5. Nbd2 Be7 6. Be2 Nc6 7. O-O O-O 8.
Nb3 Be6 9. c3 Qd7 10. Nfd4 Nc5 11. Nxc6 bxc6 12. Nd4 f6 13. exf6 Bxf6 14. Be3
Nb7 15. Bf3 Nd6 16. Qa4 Bxd4 17. Qxd4 Nf5 18. Qd2 Nxe3 19. Qxe3 a6 20. Rfe1
Rae8 21. Qd3 a5 22. Rad1 Rf4 23. Qe3 Qd6 24. Re2 Bd7 25. Qd2 Rxe2 26. Qxe2 Rf8
27. Qd3 Qe5 28. b3 Bf5 29. Qd4 Re8 30. Qxe5 Rxe5 31. Kf1 Kf7 32. Rd4 Ke6 33.
Be2 Re4 34. Rd2 c5 35. Bf3 Re5 36. g4 Bg6 37. Kg2 c6 38. Kg3 Bf7 39. h4 h6 40.
Bd1 g5 41. Bc2 Kd6 42. Bf5 Be6 43. Bc2 Re1 44. hxg5 hxg5 45. Rd1 Rxd1 46. Bxd1
Ke5 0-1

[Event "XXXII Festival A"]
[Site "Arco ITA"]
[Date "2010.10.17"]
[Round "2"]
[White "Sautto, Alessandra"]
[Black "Baeta, Marcio Netto"]
[Result "1-0"]
[WhiteElo "1955"]
[BlackElo "2221"]
[PlyCount "81"]
[EventDate "2010.10.16"]

1. d4 Nf6 2. Nf3 c5 3. dxc5 Qa5+ 4. Nbd2 e6 5. c3 Qxc5 6. e4 d5 7. Bd3 dxe4 8.
Nxe4 Nxe4 9. Bxe4 Be7 10. O-O O-O 11. Qc2 f5 12. Be3 Qc7 13. Bd3 e5 14. Qb3+
Kh8 15. Ng5 Bxg5 16. Bxg5 f4 17. Qb4 Qf7 18. Bc4 Qe8 19. Bb5 Bd7 20. Bxd7 Nxd7
21. f3 Nb6 22. Rad1 Qf7 23. Rfe1 Nd5 24. Qe4 Ne3 25. Rd2 Rae8 26. Bh4 Qxa2 27.
Bf2 Nc4 28. Rd7 Nb6 29. Bxb6 axb6 30. Qxb7 Rb8 31. Qc7 Qg8 32. Qxe5 h6 33. Qd4
Rf7 34. Ree7 Rxe7 35. Rxe7 Qf8 36. Rd7 Qc5 37. Kf2 Ra8 38. Rd5 Qf8 39. Rd6 b5
40. Rxh6+ Kg8 41. Qd5+ 1-0

[Event "XXXII Festival A"]
[Site "Arco ITA"]
[Date "2010.10.17"]
[Round "2"]
[White "Savarese, Vincenzo"]
[Black "Panarello, Giuseppe"]
[Result "0-1"]
[WhiteElo "1808"]
[BlackElo "1925"]
[PlyCount "48"]
[EventDate "2010.10.16"]

1. e4 c5 2. c3 d5 3. exd5 Qxd5 4. d4 Nc6 5. Nf3 cxd4 6. cxd4 Bg4 7. Be2 e6 8.
Nc3 Qa5 9. O-O Nf6 10. h3 Bh5 11. Bf4 Rd8 12. Rc1 Bd6 13. Bxd6 Rxd6 14. Qb3 Rd7
15. Rfd1 O-O 16. Rd3 Rfd8 17. d5 exd5 18. Rcd1 Bg6 19. R3d2 d4 20. Nb5 Ne4 21.
Nbxd4 Nxd2 22. Rxd2 Nxd4 23. Rxd4 Rxd4 24. Nxd4 Rxd4 0-1

[Event "XXXII Festival A"]
[Site "Arco ITA"]
[Date "2010.10.17"]
[Round "2"]
[White "Savinova, Yulia"]
[Black "Valenti, Giuseppe"]
[Result "0-1"]
[WhiteElo "1820"]
[BlackElo "2162"]
[PlyCount "104"]
[EventDate "2010.10.16"]

1. d4 Nf6 2. c4 e6 3. Nc3 c5 4. d5 exd5 5. Nxd5 Nxd5 6. Qxd5 Be7 7. Nf3 Nc6 8.
e3 d6 9. Bd2 O-O 10. Be2 Bf6 11. Rb1 g6 12. O-O Re8 13. e4 Nb4 14. Bxb4 cxb4
15. Rfd1 Be7 16. b3 Qc7 17. Nd4 a6 18. f4 Bf6 19. Kh1 Qc5 20. Bf3 Qxd5 21. cxd5
Bd7 22. Nc2 a5 23. Kg1 Rec8 24. Ne3 Bb5 25. Ng4 Bd8 26. e5 Bb6+ 27. Kh1 h5 28.
Nf6+ Kg7 29. Ne4 dxe5 30. fxe5 Rc2 31. Rd2 Rxd2 32. Nxd2 Bd4 33. Nc4 a4 34. Bd1
Re8 35. g3 axb3 36. axb3 Bxe5 37. Nxe5 Rxe5 38. Bf3 Re3 39. Kg2 Kf6 40. Kf2 Rd3
41. Rb2 Rc3 42. Kg2 Ke5 43. Kf2 Bd3 44. Bd1 Kxd5 45. Rd2 Ke5 46. Ra2 Kd4 47.
Ra4 Kc5 48. Ra5+ Kd4 49. Ra4 Rc1 50. Rxb4+ Kc3 51. Rxb7 Rxd1 52. Kg2 Be4+ 0-1

[Event "XXXII Festival A"]
[Site "Arco ITA"]
[Date "2010.10.17"]
[Round "2"]
[White "Savoia, Sergio"]
[Black "Sigmund, Ingenuin"]
[Result "1-0"]
[WhiteElo "1909"]
[BlackElo "1801"]
[PlyCount "89"]
[EventDate "2010.10.16"]

1. e4 e6 2. d4 d5 3. Nd2 b6 4. Ngf3 Nf6 5. Bb5+ c6 6. Bd3 Ba6 7. Bxa6 Nxa6 8.
Qe2 Nc7 9. c3 Be7 10. Ne5 c5 11. Nc6 Qd7 12. Nxe7 Qxe7 13. O-O O-O 14. e5 Nd7
15. f4 f5 16. Nf3 c4 17. a4 Rfc8 18. b3 b5 19. Ba3 Qe8 20. bxc4 dxc4 21. axb5
Nxb5 22. Bb4 Nb6 23. Nd2 a6 24. g4 g6 25. gxf5 gxf5 26. Rf3 Qc6 27. Rg3+ Kh8
28. Be7 Nd7 29. Kf2 Rg8 30. Rc1 Rxg3 31. hxg3 Re8 32. Bf6+ Nxf6 33. exf6 Qd5
34. Qh5 Rf8 35. Qh6 Rf7 36. Nf3 Qd8 37. Ne5 Qxf6 38. Nxf7+ Qxf7 39. Rh1 Qg7 40.
Qxe6 Nxc3 41. Qc8+ Qg8 42. Qxf5 Qa8 43. Rh6 Nd1+ 44. Kg1 Qg8 45. Qe5+ 1-0